000 00351nam a2200133Ia 4500
008 240624s9999 xx 000 0 und d
041 _aeng
082 _a658.406 CAM
100 _aCAMPBELL HELEN
245 _aMANAGING ORGANIZATIONAL CHANGE A PRACTIC
260 _c2014
_aLondon
_bKogan Page
300 _aix, : 291 : p. : cm. ; 23
365 _cGBP
_b30
999 _c27418
_d27418